Contributions a la connaissance chronologique et paleogeographique des gisements prehistoriques de /
Guardado en:
| Autor Principal: | |
|---|---|
| Formato: | Libro |
| Publicado: |
Leopoldville :
Editions De L'universite De Leopoldville,
1963
|
| Materias: | |
| Etiquetas: |
Agregar Etiqueta
Sin Etiquetas, Sea el primero en etiquetar este registro!
|
| LEADER | 00545nam a22001575a 4500 | ||
|---|---|---|---|
| 001 | EHU.bham004331 | ||
| 003 | AR-BHAM | ||
| 005 | 20080215124454.0 | ||
| 008 | 130507s1963##################000#0#####d | ||
| 082 | 5 | 7 | |a 571 |
| 100 | 1 | |a Ploey, Jan De | |
| 245 | 1 | 0 | |a Contributions a la connaissance chronologique et paleogeographique des gisements prehistoriques de / |c Jan De Ploey. |
| 260 | |a Leopoldville : |b Editions De L'universite De Leopoldville, |c 1963 | ||
| 300 | |a 19 p. | ||
| 653 | |a Arqueologia | ||
| 859 | |a AR-BHAM |b BIB. HUMANIDADES - General |h 571 |i P721 |p 1033.66 |t Ej.1 | ||
